MARC details
| 000 -CABECERA |
| campo de control de longitud fija |
01402nam a2200361 a 4500 |
| 001 - NÚMERO DE CONTROL |
| campo de control |
vtls002900293 |
| 003 - IDENTIFICADOR DEL NÚMERO DE CONTROL |
| campo de control |
ES-BaIT |
| 005 - FECHA Y HORA DE LA ÚLTIMA TRANSACCIÓN |
| campo de control |
20230719122311.0 |
| 008 - DATOS DE LONGITUD FIJA--INFORMACIÓN GENERAL |
| campo de control de longitud fija |
180731s2009 xxk|||| |||||0|1 0 eng|c |
| 010 ## - NÚMERO DE CONTROL DE LA BIBLIOTECA DEL CONGRESO |
| Número de control de LC |
2900293 |
| 020 ## - NÚMERO INTERNACIONAL ESTÁNDAR DEL LIBRO |
| Número Internacional Estándar del Libro |
9781848420830 |
| 035 ## - NÚMERO DE CONTROL DEL SISTEMA |
| Número de control de sistema |
b61896135 |
| 039 #9 - NIVEL DE CONTROL BIBLIOGRÁFICO Y DETALLES DE CODIFICACIÓN [OBSOLETO] |
| Nivel de reglas en descripción bibliográfica |
201807311805 |
| Nivel de esfuerzo utilizado para asignar no-encabezamientos de materia en puntos de acceso |
VLOAD |
| Nivel de esfuerzo utilizado en la asignación de encabezamientos de materia |
201507201454 |
| Nivel de esfuerzo utilizado para asignar clasificación |
garrigaln |
| Nivel de esfuerzo utilizado en la asignación de encabezamientos de materia |
201506191827 |
| Nivel de esfuerzo utilizado para asignar clasificación |
lluiscx |
| Nivel de esfuerzo utilizado en la asignación de encabezamientos de materia |
201506101911 |
| Nivel de esfuerzo utilizado para asignar clasificación |
lluiscx |
| 040 ## - FUENTE DE LA CATALOGACIÓN |
| Centro catalogador/agencia de origen |
ES-BaIT |
| Lengua de catalogación |
cat |
| 080 ## - NÚMERO DE LA CLASIFICACIÓN DECIMAL UNIVERSAL |
| Número de la Clasificación Decimal Universal |
792.028.3 |
| 100 1# - ENTRADA PRINCIPAL--NOMBRE DE PERSONA |
| Nombre de persona |
Linklater, Kristin |
| 9 (RLIN) |
29449 |
| 245 10 - MENCIÓN DE TÍTULO |
| Título |
Freeing Shakespeare's voice : |
| Resto del título |
the actor's guide to talking the text / |
| Mención de responsabilidad, etc. |
Kristin Linklater |
| 260 ## - PUBLICACIÓN, DISTRIBUCIÓN, ETC. |
| Lugar de publicación, distribución, etc. |
London : |
| Nombre del editor, distribuidor, etc. |
Nick Hern Books, |
| Fecha de publicación, distribución, etc. |
2009 |
| 300 ## - DESCRIPCIÓN FÍSICA |
| Extensión |
vii, 214 p. ; |
| Dimensiones |
23 cm |
| 500 ## - NOTA GENERAL |
| Nota general |
Reimpressions: 2014 |
| 600 14 - PUNTO DE ACCESO ADICIONAL DE MATERIA--NOMBRE DE PERSONA |
| Nombre de persona |
Shakespeare, William, |
| Fechas asociadas al nombre |
1564-1616 |
| Subdivisión general |
Llengua |
| 9 (RLIN) |
70208 |
| 600 14 - PUNTO DE ACCESO ADICIONAL DE MATERIA--NOMBRE DE PERSONA |
| Nombre de persona |
Shakespeare, William, |
| Fechas asociadas al nombre |
1564-1616 |
| Subdivisión general |
Escenificacions |
| 9 (RLIN) |
67385 |
| 600 14 - PUNTO DE ACCESO ADICIONAL DE MATERIA--NOMBRE DE PERSONA |
| Nombre de persona |
Shakespeare, William, |
| Fechas asociadas al nombre |
1564-1616 |
| Subdivisión general |
Versificació |
| 9 (RLIN) |
70209 |
| 650 04 - PUNTO DE ACCESO ADICIONAL DE MATERIA--TÉRMINO DE MATERIA |
| Término de materia o nombre geográfico como elemento de entrada |
Anglès |
| Subdivisión general |
Dicció |
| 9 (RLIN) |
74438 |
| 907 ## - ELEMENTOS DE DATOS G LOCAL, LDG (RLIN) |
| a |
.b61896135 |
| b |
19-09-14 |
| c |
04-09-14 |
| d |
04-09-14 |
| e |
m |
| f |
a |
| g |
- |
| h |
eng |
| i |
xxk |
| j |
0 |
| k |
0 |
| 940 ## - EQUIVALENCIA O REFERENCIA-CRUZADA--TÍTULO UNIFORME [OBSOLETO] [solamente CAN/MARC] |
| Título uniforme |
<a href="CVA2">CVA2</a> |
| 942 ## - ELEMENTOS DE ENTRADA AGREGADA (KOHA) |
| Fuente del sistema de clasificación o colocación |
Clasificación decimal universal |
| Tipo de ítem Koha |
Llibre |
| 949 ## - PROCESAMIENTO DE INFORMACIÓN LOCAL (OCLC) |
| 6 |
1900067667 |
| a |
792.028.3 LIN |
| s |
2700:20171107 |